00333nam a2200121Ia 4500008004100000041000800041082001400049100002100063245004500084260003900129300003200168365001100200240624s9999 xx 000 0 und d aeng a511.3 SAX aSAXENA RATNESH R aNATIONAL CONFERENCE ON MATHEMATICAL TECH c2006aNew DelhibAllied Publishers axxiv, : 324 : p. : cm. ; 27 cRSb30